| 000 | 01839nam0a2200313 4500 | ||
|---|---|---|---|
| 001 | RU\NLR\BIBL_A\011896555 | ||
| 005 | 20190111154059.0 | ||
| 010 |
_a978-5-7307-1333-8 _970 |
||
| 021 |
_aRU _bКН-П-18-090461 _9КН-П-18-6574 |
||
| 035 | _a(NLR Aleph) 011896555 | ||
| 035 | _a(RuMoRGB)009757844 | ||
| 090 |
_a10860965 _c10860965 |
||
| 100 | _a20181220d2018 u y0rusy50 ca | ||
| 101 | 0 | _arus | |
| 102 | _aRU | ||
| 105 | _aa zzzz000y1yy | ||
| 200 | 1 |
_aИнновационные подходы в управлении персоналом _eучебное пособие _fЕ. А. Окунькова, Е. А. Алпеева _gМинистерство образования и науки Российской Федерации _gФедеральное государственное бюджетное образовательное учреждение высшего образования "Российский экономический университет имени Г. В. Плеханова" (ФГБОУ ВО "РЭУ им. Г. В. Плеханова") |
|
| 210 |
_aМосква _cФГБОУ ВО "РЭУ им. Г. В. Плеханова" _d2018 |
||
| 215 |
_a87 с. _cил., табл. _d21 |
||
| 320 | _aБиблиогр.: с. 83 (18 назв.) и в подстроч. примеч. | ||
| 606 | 1 |
_aПредприятия _xКадры _xУправление _jУчебные издания для высших учебных заведений _2nlr_sh1 _2nlr_sh2 _3RU\NLR\AUTH\661300497 |
|
| 686 | 1 | _aУ24(2)0-21я73 | |
| 700 | 1 |
_aОкунькова _bЕ. А. _gЕлена Александровна |
|
| 701 | 1 |
_aАлпеева _bЕ. А. _gЕлена Александровна |
|
| 942 | _cBOOK | ||
| 980 | _aNBR | ||
| 980 | _aNB | ||